Plant-animals, (Record no. 91993)

MARC details
000 -LEADER
fixed length control field 00802cam a22002411 4500
001 - CONTROL NUMBER
control field w 11000075
003 - CONTROL NUMBER IDENTIFIER
control field DLC
005 - DATE AND TIME OF LATEST TRANSACTION
control field 20260227112807.0
008 - FIXED-LENGTH DATA ELEMENTS--GENERAL INFORMATION
fixed length control field 761123s1910 enka b 001 0 eng c
010 ## - LIBRARY OF CONGRESS CONTROL NUMBER
LC control number w 11000075
035 ## - SYSTEM CONTROL NUMBER
System control number (OCoLC)2575982
040 ## - CATALOGING SOURCE
Original cataloging agency Washington, D.C. Public Library
Transcribing agency CtNlC
Modifying agency CtNlC
-- OCoLC
-- DLC
042 ## - AUTHENTICATION CODE
Authentication code premarc
050 00 - LIBRARY OF CONGRESS CALL NUMBER
Classification number QL391.T9
Item number K2
100 1# - MAIN ENTRY--PERSONAL NAME
Personal name Keeble, Frederick,
Titles and words associated with a name Sir,
Dates associated with a name 1870-1952.
245 10 - TITLE STATEMENT
Title Plant-animals,
Remainder of title a study in cymbiosis,
Statement of responsibility, etc. by Frederick Keeble, SC. D. ...
260 ## - PUBLICATION, DISTRIBUTION, ETC.
Place of publication, distribution, etc. Cambridge [Eng.]
Name of publisher, distributor, etc. The University Press,
Date of publication, distribution, etc. 1910.
300 ## - PHYSICAL DESCRIPTION
Extent viii p., 2 l., [3]-163 p.
Other physical details col. front., illus.
Dimensions 17 cm.
440 #4 - SERIES STATEMENT/ADDED ENTRY--TITLE
Title The Cambridge manuals of science and literature
504 ## - BIBLIOGRAPHY, ETC. NOTE
Bibliography, etc. note Bibliography: p. [159]-160.
650 #0 - SUBJECT ADDED ENTRY--TOPICAL TERM
Topical term or geographic name entry element Convoluta.
650 #0 - SUBJECT ADDED ENTRY--TOPICAL TERM
Topical term or geographic name entry element Symbiosis.

No items available.

Powered by Koha